000
00291nam a2200109Ia 4500
008
171211s9999 xx 000 0 und d
245
_a
Every Which Way Crochet Borders
245
_c
Edie Eckman
260
_c
2017
650
_x
Hobbies
856
_u
http://down.ebook777.com/063/1612127401.pdf
999
_c
350340
_d
350340